Contra el método : Esquema de una teoría anarquista del conocimiento /
Gardado en:
| Autor Principal: | |
|---|---|
| Formato: | Desconocido |
| Idioma: | Spanish |
| Publicado: |
Barcelona, España :
Ediciones Orbis, S. A.,
1974.
|
| Materias: | |
| Etiquetas: |
Engadir etiqueta
Sen Etiquetas, Sexa o primeiro en etiquetar este rexistro!
|
MARC
| LEADER | 000000000a22000000004500 | ||
|---|---|---|---|
| 001 | 009922 | ||
| 020 | |a 847530656 | ||
| 041 | 0 | |a spa | |
| 082 | 0 | 4 | |a 121 |b F434c |
| 100 | 1 | |a Feyerabend, Paul K., |d 1924- | |
| 245 | 1 | 0 | |a Contra el método : |b Esquema de una teoría anarquista del conocimiento / |c Paul K. Feyerabend. |
| 260 | 1 | |a Barcelona, España : |b Ediciones Orbis, S. A., |c 1974. | |
| 300 | |a 20 páginas ; |c 18 cm. | ||
| 650 | 4 | |a CIENCIA | |
| 650 | 4 | |a TEORIA DEL CONOCIMIENTO | |
| 999 | |c 15913 |d 15913 | ||
| 942 | |c BK |h 121 F434c |2 z | ||
